| 000 | 01418nam0a22003491 4500 | ||
|---|---|---|---|
| 001 | v19\rc\1703670 | ||
| 005 | 20250619031536.0 | ||
| 035 | _a(NLR Aleph) 004805032 | ||
| 090 |
_a4868712 _c4868712 |
||
| 100 | _a20061002d1898 |||y0rusy50 ca | ||
| 101 | 1 |
_arus _cfre |
|
| 102 | _aRU | ||
| 105 | _ay j ||||| | ||
| 200 | 1 |
_a1. О бессмертии души с точки зрения эволюционного натурализма _eЛекции, чит. в Женеве 1894 и в Сорбонне 1895 г. _a2. Опыт исследования о жизни _eПер. с фр. _fАрман Сабатье, декан фак., дир. Зоол. ин-та в Монпелье |
|
| 210 |
_aСанкт-Петербург _cтип. И. Гольдберга _d1898 |
||
| 215 |
_aVI, 323 с. _d21 |
||
| 517 | 0 | _aО бессмертии души с точки зрения эволюционного натурализма | |
| 517 | 0 | _aОпыт исследования о жизни | |
| 700 | 1 |
_aСабатье _bА. _f1834-1910 _gАрман |
|
| 801 | 0 |
_aRU _bNLR _gpsbo |
|
| 801 | 0 |
_aRU _bRuMoRGB _2psbo |
|
| 801 | 1 |
_aRU _bProSoft-M _2rusmarc |
|
| 852 |
_aNLR _j20.105.6.19 |
||
| 852 |
_aNLR _j133/4823 |
||
| 899 |
_aRuMoRGB _jS 75/431 |
||
| 899 |
_aRuMoRGB _jРб 33/1650 |
||
| 899 |
_aRuMoRGB _jA 242/1057 |
||
| 899 | _aНБ СПбГУ | ||
| 899 | _aНБ МГУ | ||
| 899 | _aБАН | ||
| 942 | _cBOOK | ||
| 980 | _aNB | ||